[Event "DSOL 02 Liga Gr-D 1st"]
[Site "Playchess.com INT"]
[Date "2020.06.23"]
[Round "1.1"]
[White "Hartogh, Christian"]
[Black "Bilek, Michael"]
[Result "1-0"]
[WhiteElo "2127"]
[BlackElo "2189"]
[PlyCount "101"]
[EventDate "2020.06.22"]
[EventType "team-tourn (rapid)"]
[EventCountry "GER"]
[SourceTitle "EXT 2021"]
[Source "ChessBase"]
[SourceDate "2020.10.23"]
[SourceVersion "1"]
[SourceVersionDate "2020.10.23"]
[SourceQuality "1"]
[WhiteTeam "Lehrte"]
[BlackTeam "Arnstadt Stadtilm"]
[WhiteTeamCountry "GER"]
[BlackTeamCountry "GER"]

1. e4 Nf6 2. e5 Nd5 3. d4 d6 4. c4 Nb6 5. exd6 exd6 6. Nc3 Bf5 7. Nf3 Be7 8. Bd3 Bg4 9. h3 Bh5 10. 0-0 Nc6 11. Be3 0-0 12. Rc1 Bf6 13. Nd5 Bxd4 14. Bxd4 Nxd4 15. Bxh7+ Kxh7 16. Qxd4 Bxf3 17. Qd3+ Kg8 18. Qxf3 Nxd5 19. cxd5 Qd7 20. Rc4 Rfe8 21. Rfc1 Rac8 22. Qc3 c5 23. dxc6 Rxc6 24. Rxc6 bxc6 25. Qxc6 Re1+ 26. Kh2 Qxc6 27. Rxc6 Re2 28. Rxd6 Rxf2 29. Rd8+ Kh7 30. Rb8 Kg6 31. Kg3 Rd2 32. a4 f5 33. b4 Kf6 34. Rb7 g5 35. Rxa7 f4+ 36. Kf3 Rd3+ 37. Ke2 Rb3 38. Rb7 Kf5 39. a5 Ra3 40. Rb5+ Kf6 41. Rb6+ Kf5 42. a6 Ke4 43. b5 Ra2+ 44. Kd1 Kd3 45. Kc1 Kc3 46. Kd1 Kd3 47. Ke1 Ke3 48. Re6+ Kd4 49. Re7 Ra1+ 50. Kf2 Ra2+ 51. Kg1 1-0

[Event "Niedersachsen-ch"]
[Site "Verden an der Aller"]
[Date "2020.01.02"]
[Round "2"]
[White "Schulze, Torben"]
[Black "Hartogh, Christian"]
[Result "1-0"]
[WhiteElo "2266"]
[BlackElo "2070"]
[PlyCount "77"]
[EventDate "2020.01.02"]
[EventType "swiss"]
[EventRounds "7"]
[EventCountry "GER"]
[SourceTitle "EXT 2021"]
[Source "ChessBase"]
[SourceDate "2020.10.23"]
[SourceVersion "1"]
[SourceVersionDate "2020.10.23"]
[SourceQuality "1"]

1. e4 c5 2. g3 d5 3. exd5 Qxd5 4. Nf3 Bg4 5. Bg2 Qe6+ 6. Kf1 Nc6 7. h3 Bh5 8. Nc3 Nf6 9. d3 Qd7 10. Bf4 e6 11. g4 Bg6 12. Ne5 Nxe5 13. Bxe5 0-0-0 14. Qf3 Nd5 15. a4 f6 16. Bg3 Nxc3 17. bxc3 e5 18. Rb1 e4 19. dxe4 Bf7 20. e5 Bd5 21. Qxd5 Qxd5 22. Bxd5 Rxd5 23. Ke2 Be7 24. Rhd1 Rxd1 25. Rxd1 Re8 26. Rd5 b6 27. Kd3 Bd8 28. exf6 Bxf6 29. g5 Bd8 30. Be5 g6 31. f4 Bc7 32. Ke4 Re7 33. h4 Bxe5 34. fxe5 Kc7 35. Rd6 Rf7 36. Rf6 Re7 37. Kd5 Kd7 38. Rf8 Kc7 39. e6 1-0

[Event "Oberliga Nord W 1920"]
[Site "Germany"]
[Date "2019.11.24"]
[Round "3.3"]
[White "Hartogh, Christian"]
[Black "Meessen, Max"]
[Result "1/2-1/2"]
[WhiteElo "2021"]
[BlackElo "2221"]
[PlyCount "40"]
[EventDate "2019.09.29"]
[EventType "team-tourn"]
[EventRounds "9"]
[EventCountry "GER"]
[SourceTitle "CBM 195 Extra"]
[Source "ChessBase"]
[SourceDate "2020.05.31"]
[SourceVersion "1"]
[SourceVersionDate "2020.05.31"]
[SourceQuality "1"]

1. c4 e6 2. d4 d5 3. Nf3 Nf6 4. Bg5 Be7 5. e3 h6 6. Bf4 0-0 7. Qc2 c5 8. dxc5 Bxc5 9. g4 Qa5+ 10. Nbd2 Ne4 11. Bd3 Nxd2 12. Nxd2 Nc6 13. cxd5 Nb4 14. Qc3 Nxd3+ 15. Qxd3 exd5 16. g5 hxg5 17. Bxg5 Bb4 18. Rg1 Bxd2+ 19. Qxd2 Qxd2+ 20. Kxd2 Bf5 1/2-1/2

[Event "Niedersachsen-ch"]
[Site "Verden"]
[Date "2019.01.04"]
[Round "4"]
[White "Hartogh, Christian"]
[Black "Neumann, Ingo"]
[Result "1/2-1/2"]
[WhiteElo "2005"]
[BlackElo "1972"]
[PlyCount "41"]
[EventDate "2019.01.03"]
[EventType "swiss"]
[EventRounds "7"]
[EventCountry "GER"]
[SourceTitle "EXT 2022"]
[Source "ChessBase"]
[SourceDate "2021.10.06"]
[SourceVersion "1"]
[SourceVersionDate "2021.10.06"]
[SourceQuality "1"]

1. d4 Nf6 2. Nf3 b5 3. Bf4 e6 4. Qd3 Ba6 5. e4 b4 6. Qe3 Bxf1 7. Kxf1 d5 8. e5 Ne4 9. Nbd2 Nxd2+ 10. Qxd2 c5 11. c3 bxc3 12. bxc3 c4 13. Qc2 Be7 14. g3 Nd7 15. Kg2 Qa5 16. Rab1 Nb6 17. Bg5 Ba3 18. Bc1 Be7 19. Bg5 Ba3 20. Bc1 Be7 21. Bg5 1/2-1/2

[Event "Hannover Bezirk-ch A"]
[Site "Hannover"]
[Date "2018.10.04"]
[Round "2.2"]
[White "Hartogh, Christian"]
[Black "Herrmann, Andreas"]
[Result "1-0"]
[WhiteElo "1937"]
[BlackElo "2156"]
[PlyCount "71"]
[EventDate "2018.10.04"]
[EventType "swiss"]
[EventRounds "7"]
[EventCountry "GER"]
[SourceTitle "EXT 2022"]
[Source "ChessBase"]
[SourceDate "2021.10.06"]
[SourceVersion "1"]
[SourceVersionDate "2021.10.06"]
[SourceQuality "1"]

1. e4 c5 2. Nf3 Nc6 3. c3 g6 4. d4 cxd4 5. cxd4 Bg7 6. Nc3 d6 7. Bc4 Nf6 8. 0-0 0-0 9. h3 a6 10. a4 Rb8 11. Qe2 Na5 12. Ba2 b5 13. e5 Ne8 14. Bg5 dxe5 15. dxe5 Nc7 16. Rfd1 Qe8 17. axb5 axb5 18. Bxf7+ Qxf7 19. Rxa5 h6 20. Bh4 Be6 21. Ra7 Rfc8 22. Ne4 Bc4 23. Qe1 Qe8 24. Qb4 g5 25. Bg3 Nd5 26. Rxd5 Bxd5 27. Rxe7 Qf8 28. Nf6+ Bxf6 29. exf6 Rc1+ 30. Kh2 Rd8 31. Be5 Bxf3 32. Rg7+ Qxg7 33. fxg7 Bc6 34. Qe7 Re8 35. Qf6 Bd5 36. Qxh6 1-0

[Event "Niedersachsen-ch op A"]
[Site "Verden"]
[Date "2018.01.05"]
[Round "3"]
[White "Helmer, Christoph"]
[Black "Hartogh, Christian"]
[Result "0-1"]
[WhiteElo "2119"]
[BlackElo "1989"]
[PlyCount "66"]
[EventDate "2018.01.04"]
[EventType "swiss"]
[EventRounds "7"]
[EventCountry "GER"]
[SourceTitle "EXT 2022"]
[Source "ChessBase"]
[SourceDate "2021.10.06"]
[SourceVersion "1"]
[SourceVersionDate "2021.10.06"]
[SourceQuality "1"]

1. e4 c5 2. Nf3 d6 3. Bb5+ Bd7 4. Bxd7+ Qxd7 5. c4 g6 6. d4 cxd4 7. Nxd4 Bg7 8. Nc3 Nc6 9. Be3 Nf6 10. f3 0-0 11. 0-0 Rfc8 12. b3 Qd8 13. Rc1 Qa5 14. Qd2 a6 15. Nxc6 Rxc6 16. Qd3 Rb8 17. a4 Qb4 18. Na2 Qa5 19. Kh1 h5 20. Bd2 Qd8 21. b4 Nd7 22. b5 Rcc8 23. a5 Nc5 24. Qa3 Qd7 25. Rb1 Qe6 26. Rfc1 h4 27. h3 f5 28. exf5 Qxf5 29. Nb4 e6 30. bxa6 bxa6 31. Nc6 Qxb1 32. Ne7+ Kh7 33. Nxc8 Qd3 0-1

[Event "Niedersachsen-ch op A"]
[Site "Verden"]
[Date "2018.01.04"]
[Round "1"]
[White "Pietsch, David"]
[Black "Hartogh, Christian"]
[Result "0-1"]
[WhiteElo "1786"]
[BlackElo "1989"]
[PlyCount "100"]
[EventDate "2018.01.04"]
[EventType "swiss"]
[EventRounds "7"]
[EventCountry "GER"]
[SourceTitle "EXT 2022"]
[Source "ChessBase"]
[SourceDate "2021.10.06"]
[SourceVersion "1"]
[SourceVersionDate "2021.10.06"]
[SourceQuality "1"]

1. d4 d5 2. c4 e6 3. Nc3 Nf6 4. Nf3 Be7 5. cxd5 exd5 6. Bf4 c6 7. e3 Bf5 8. Bd3 Bxd3 9. Qxd3 0-0 10. 0-0 Re8 11. Rab1 a5 12. a3 Na6 13. Ne5 Bd6 14. Qf5 Qe7 15. Nd3 Bxf4 16. Qxf4 Ne4 17. Rbc1 Nd6 18. Rc2 Nc4 19. Re1 Nc7 20. Rce2 Ne6 21. Qg3 Qf6 22. Ne5 Nxe5 23. Qxe5 Qxe5 24. dxe5 b5 25. Rc2 b4 26. Ne2 c5 27. f4 g6 28. Rd1 Rad8 29. g4 d4 30. exd4 cxd4 31. Rcd2 bxa3 32. bxa3 Rd5 33. Nxd4 Nxf4 34. Nf3 Rxd2 35. Rxd2 Rc8 36. Nd4 Rc5 37. Kf2 Rc3 38. Nb5 Rb3 39. a4 Nd3+ 40. Kf1 Nxe5 41. Rd8+ Kg7 42. Ra8 Nxg4 43. Rxa5 Nxh2+ 44. Kg2 Ng4 45. Nd6 h5 46. Ra7 Ne5 47. a5 h4 48. Rc7 h3+ 49. Kh2 Ng4+ 50. Kg1 Rb1+ 0-1

[Event "Hannover Bezirk-ch C"]
[Site "Lehrte"]
[Date "2017.10.30"]
[Round "5.3"]
[White "Hartogh, Christian"]
[Black "Rossberg, Jonathan"]
[Result "1/2-1/2"]
[WhiteElo "1844"]
[BlackElo "1836"]
[PlyCount "148"]
[EventDate "2017.10.28"]
[EventType "swiss"]
[EventRounds "7"]
[EventCountry "GER"]
[SourceTitle "EXT 2022"]
[Source "ChessBase"]
[SourceDate "2021.10.06"]
[SourceVersion "1"]
[SourceVersionDate "2021.10.06"]
[SourceQuality "1"]

1. e4 c5 2. Nf3 Nc6 3. c3 d5 4. exd5 Qxd5 5. d4 Bg4 6. Be2 Nf6 7. 0-0 e6 8. Be3 cxd4 9. cxd4 Be7 10. Nc3 Qa5 11. a3 Nd5 12. Nxd5 Qxd5 13. h3 Bh5 14. Rc1 0-0 15. Ne5 Bxe2 16. Nxc6 Qxc6 17. Qxe2 Qd5 18. Rc4 Rac8 19. Rfc1 Qd7 20. Bf4 Rxc4 21. Qxc4 Bd6 22. Bxd6 Qxd6 23. Qc5 Qxc5 24. dxc5 Rc8 25. Rd1 Kf8 26. b4 Ke7 27. Kf1 e5 28. Ke2 b6 29. cxb6 axb6 30. Rd3 Rc2+ 31. Ke3 Ke6 32. g4 g6 33. Kf3 f5 34. Rd8 e4+ 35. Kg3 Rc3+ 36. Kg2 f4 37. a4 Rc4 38. a5 Rxb4 39. a6 Ra4 40. Ra8 Kf6 41. h4 h6 42. a7 Kg7 43. Kf1 Ra2 44. Ke1 b5 45. Rb8 Rxa7 46. Rxb5 Re7 47. Ke2 Kf6 48. Ra5 Re5 49. Ra6+ Re6 50. Ra5 g5 51. hxg5+ hxg5 52. Rf5+ Kg6 53. Ra5 e3 54. f3 Rd6 55. Ra2 Kf6 56. Ke1 Rd5 57. Ra8 Ke5 58. Re8+ Kd4 59. Rf8 Ke5 60. Re8+ Kf6 61. Rf8+ Kg7 62. Ra8 Rc5 63. Ra2 Kf6 64. Ra8 Ke5 65. Rd8 Rd5 66. Re8+ Kd4 67. Rf8 Rc5 68. Rd8+ Kc3 69. Rf8 Re5 70. Rc8+ Kd4 71. Rd8+ Kc5 72. Rc8+ Kd6 73. Rd8+ Kc7 74. Ra8 Kd6 1/2-1/2

[Event "Hannover Bezirk-ch C"]
[Site "Lehrte"]
[Date "2017.10.30"]
[Round "6.4"]
[White "Kleinschroth, Roland"]
[Black "Hartogh, Christian"]
[Result "0-1"]
[WhiteElo "2099"]
[BlackElo "1844"]
[PlyCount "78"]
[EventDate "2017.10.28"]
[EventType "swiss"]
[EventRounds "7"]
[EventCountry "GER"]
[SourceTitle "EXT 2022"]
[Source "ChessBase"]
[SourceDate "2021.10.06"]
[SourceVersion "1"]
[SourceVersionDate "2021.10.06"]
[SourceQuality "1"]

1. e4 c5 2. d4 cxd4 3. c3 dxc3 4. Nxc3 Nf6 5. Nf3 d6 6. Bc4 a6 7. 0-0 Nc6 8. Bf4 Bg4 9. Qb3 e6 10. Be2 Qb8 11. Rac1 Be7 12. Rfd1 0-0 13. Na4 Nd7 14. h3 Bxf3 15. Bxf3 Rc8 16. Bg4 b5 17. Bxe6 fxe6 18. Qxe6+ Kh8 19. Nc3 Nf8 20. Qf5 Ng6 21. Bg3 Nce5 22. b3 Qa7 23. Nd5 Rc5 24. Kh2 Rf8 25. Qh5 Bd8 26. Rb1 Rc2 27. Ne3 Rcxf2 28. Bxf2 Rxf2 29. Nd5 Qf7 30. Rbc1 Nf3+ 31. Kh1 Rxg2 32. Kxg2 Ngh4+ 33. Qxh4 Nxh4+ 34. Kg1 Qf3 35. Rd2 Qxh3 36. Rf1 Nf3+ 37. Rxf3 Qxf3 38. Rf2 Qg3+ 39. Kf1 Bf6 0-1

[Event "Hannover Bezirk-ch C"]
[Site "Lehrte"]
[Date "2017.10.29"]
[Round "4.6"]
[White "Serreck, Uwe"]
[Black "Hartogh, Christian"]
[Result "0-1"]
[WhiteElo "1942"]
[BlackElo "1844"]
[PlyCount "80"]
[EventDate "2017.10.28"]
[EventType "swiss"]
[EventRounds "7"]
[EventCountry "GER"]
[SourceTitle "EXT 2022"]
[Source "ChessBase"]
[SourceDate "2021.10.06"]
[SourceVersion "1"]
[SourceVersionDate "2021.10.06"]
[SourceQuality "1"]

1. e4 c5 2. b3 Nc6 3. Bb2 d6 4. f4 e5 5. Bb5 exf4 6. Nf3 Bg4 7. 0-0 Nf6 8. d3 Be7 9. Nc3 0-0 10. Bxc6 bxc6 11. h3 Bxf3 12. Qxf3 g5 13. Ne2 Nd7 14. Nxf4 Bf6 15. Bxf6 Qxf6 16. Qg4 Ne5 17. Qg3 Qe7 18. Nh5 f6 19. Rf2 Kh8 20. Raf1 Nd7 21. Qg4 Rf7 22. Ng3 Ne5 23. Qh5 Ng6 24. Nf5 Qe6 25. Nh6 Rff8 26. g3 Ne5 27. Rf5 Rab8 28. Ng4 Nxg4 29. Qxg4 Qe7 30. Qf3 Kg7 31. Kg2 Rf7 32. e5 dxe5 33. Qxc6 Re8 34. Qe4 Qd6 35. h4 h6 36. h5 Qd4 37. Rxg5+ hxg5 38. Qg6+ Kf8 39. h6 Ke7 40. h7 Qd5+ 0-1

[Event "Hannover Bezirk-ch C"]
[Site "Lehrte"]
[Date "2017.10.28"]
[Round "2.7"]
[White "Stelmaszyk, Nico"]
[Black "Hartogh, Christian"]
[Result "1/2-1/2"]
[WhiteElo "1859"]
[BlackElo "1844"]
[PlyCount "82"]
[EventDate "2017.10.28"]
[EventType "swiss"]
[EventRounds "7"]
[EventCountry "GER"]
[SourceTitle "EXT 2022"]
[Source "ChessBase"]
[SourceDate "2021.10.06"]
[SourceVersion "1"]
[SourceVersionDate "2021.10.06"]
[SourceQuality "1"]

1. e4 c5 2. c3 d5 3. exd5 Qxd5 4. Nf3 Nf6 5. d4 Nc6 6. Be3 cxd4 7. cxd4 e6 8. Nc3 Qd8 9. Be2 Be7 10. 0-0 0-0 11. Ne5 Nb4 12. Bf3 Nbd5 13. Rc1 a6 14. Qb3 Qd6 15. Bxd5 Nxd5 16. Nxd5 Qxd5 17. Qxd5 exd5 18. Bf4 g5 19. Bd2 f6 20. Nd3 Bd6 21. Bb4 Rd8 22. Rfe1 Bf5 23. Bxd6 Rxd6 24. Nc5 b6 25. Nb3 Ra7 26. Rc3 Kf7 27. Nd2 Re7 28. Rxe7+ Kxe7 29. Nf1 Kd7 30. Ne3 Be6 31. Kf1 Rc6 32. Rxc6 Kxc6 33. g4 Kb5 34. Ke2 a5 35. Kd3 Kc6 36. f3 Bf7 37. h3 b5 38. a3 b4 39. axb4 axb4 40. b3 Bg6+ 41. Kd2 Kd6 1/2-1/2

[Event "Niedersachsen-ch U16"]
[Site "Rotenburg"]
[Date "2013.03.23"]
[Round "1"]
[White "Hartogh, Christian"]
[Black "Tschirner, Tom Luca"]
[Result "1-0"]
[WhiteElo "1767"]
[BlackElo "1407"]
[PlyCount "49"]
[EventDate "2013.03.23"]
[EventType "swiss"]
[EventRounds "9"]
[EventCountry "GER"]
[SourceTitle "EXT 2015"]
[Source "ChessBase"]
[SourceDate "2014.11.20"]
[SourceVersion "1"]
[SourceVersionDate "2014.11.20"]
[SourceQuality "1"]

1. e4 e5 2. Nf3 Nc6 3. Bc4 Bc5 4. c3 d6 5. d3 Nf6 6. Bb3 Bg4 7. Nbd2 0-0 8. h3 Be6 9. Bc2 d5 10. Qe2 d4 11. Nf1 h6 12. g4 Nh7 13. Ng3 Be7 14. Nf5 Ng5 15. Nxg5 Bxg5 16. h4 Bxc1 17. Rxc1 dxc3 18. bxc3 Bxa2 19. Kd2 Be6 20. Rcg1 Ne7 21. Qf3 Bxf5 22. gxf5 Qd6 23. f6 Nc6 24. Rxg7+ Kh8 25. Qf5 1-0

[Event "Kaiserbrunnen Winter op"]
[Site "Brakel"]
[Date "2013.01.21"]
[Round "3"]
[White "Peters, Ortwin"]
[Black "Hartogh, Christian"]
[Result "1-0"]
[WhiteElo "2056"]
[BlackElo "1706"]
[PlyCount "103"]
[EventDate "2013.01.21"]
[EventType "swiss"]
[EventRounds "5"]
[EventCountry "GER"]
[SourceTitle "EXT 2023"]
[Source "ChessBase"]
[SourceDate "2022.10.05"]
[SourceVersion "1"]
[SourceVersionDate "2022.10.05"]
[SourceQuality "1"]

1. c4 e5 2. Nc3 Nc6 3. Nf3 f5 4. d4 d6 5. dxe5 dxe5 6. Qxd8+ Kxd8 7. Bg5+ Be7 8. 0-0-0+ Ke8 9. Nb5 Bxg5+ 10. Nxg5 Rb8 11. Nxc7+ Kf8 12. e3 h6 13. Nh3 Nf6 14. f3 Bd7 15. Kb1 a6 16. Nd5 Be6 17. Nf2 Kf7 18. Nb6 Rbd8 19. Be2 Nb8 20. Rxd8 Rxd8 21. Rd1 Nbd7 22. Nxd7 Nxd7 23. b3 Rc8 24. Kb2 Ke7 25. Nd3 g5 26. Nb4 Nb6 27. a4 a5 28. Na2 Nd7 29. Nc3 Nc5 30. Nb5 Rc6 31. Bd3 Na6 32. h3 Nb4 33. Bb1 g4 34. hxg4 fxg4 35. Be4 Rb6 36. Rh1 Bd7 37. Nc3 gxf3 38. gxf3 Be8 39. c5 Re6 40. Nd5+ Nxd5 41. Bxd5 Rg6 42. Bxb7 Rg2+ 43. Kc3 Bg6 44. Be4 Bxe4 45. fxe4 Rg6 46. Kc4 Kd7 47. Kd5 Re6 48. Rh5 Ke7 49. Rxe5 Rxe5+ 50. Kxe5 Kd7 51. Kf6 Kc6 52. e5 1-0

[Event "GER-chT North U16"]
[Site "Berlin"]
[Date "2012.09.08"]
[Round "6.4"]
[White "Hartogh, Christian"]
[Black "Fischer, Maxi"]
[Result "1/2-1/2"]
[WhiteElo "1601"]
[BlackElo "1477"]
[PlyCount "79"]
[EventDate "2012.09.06"]
[EventType "team-swiss"]
[EventRounds "7"]
[EventCountry "GER"]
[SourceTitle "EXT 2015"]
[Source "ChessBase"]
[SourceDate "2014.11.20"]
[SourceVersion "1"]
[SourceVersionDate "2014.11.20"]
[SourceQuality "1"]
[WhiteTeam "Gottingen"]
[BlackTeam "Berlin Empor"]
[WhiteTeamCountry "GER"]
[BlackTeamCountry "GER"]

1. e4 e5 2. Nf3 Nc6 3. Bc4 Bc5 4. c3 Nf6 5. d4 exd4 6. cxd4 Bb4+ 7. Nc3 d5 8. exd5 Nxd5 9. 0-0 Bxc3 10. bxc3 0-0 11. Qc2 h6 12. Re1 Nf6 13. Ba3 Re8 14. Ne5 Nxe5 15. dxe5 Nd5 16. Rad1 c6 17. Bb3 b5 18. c4 bxc4 19. Bxc4 Be6 20. Bc5 Qg5 21. Qd2 Nf4 22. Bf1 Bd5 23. g3 Ne6 24. Be3 Qxe5 25. Bf4 Qh5 26. Bg2 Bxg2 27. Kxg2 Rad8 28. Qc1 Nxf4+ 29. Qxf4 Kf8 30. Qb4+ Kg8 31. Qb1 Qa5 32. Qc1 Rc8 33. Rxe8+ Rxe8 34. Qxc6 Kf8 35. Qd6+ Kg8 36. Qc6 Kf8 37. Qd6+ Kg8 38. Qc6 Rf8 39. Qc2 Qb5 40. Qe4 1/2-1/2

[Event "GER-chT North U16"]
[Site "Berlin"]
[Date "2012.09.07"]
[Round "3.4"]
[White "Schumann, Steffen"]
[Black "Hartogh, Christian"]
[Result "1-0"]
[WhiteElo "1759"]
[BlackElo "1601"]
[PlyCount "59"]
[EventDate "2012.09.06"]
[EventType "team-swiss"]
[EventRounds "7"]
[EventCountry "GER"]
[SourceTitle "EXT 2015"]
[Source "ChessBase"]
[SourceDate "2014.11.20"]
[SourceVersion "1"]
[SourceVersionDate "2014.11.20"]
[SourceQuality "1"]
[WhiteTeam "Wildeshausen"]
[BlackTeam "Gottingen"]
[WhiteTeamCountry "GER"]
[BlackTeamCountry "GER"]

1. e4 e6 2. d4 d5 3. Nd2 dxe4 4. Nxe4 Bd7 5. Nf3 Bc6 6. Ng3 Nf6 7. c3 Nbd7 8. Bd3 Be7 9. 0-0 0-0 10. Re1 b6 11. Qe2 a5 12. Ng5 h6 13. Nxe6 fxe6 14. Qxe6+ Kh8 15. Qxc6 Bd6 16. Nf5 Re8 17. Bd2 Bf8 18. Rxe8 Nxe8 19. Re1 Ndf6 20. Bf4 Nd5 21. Be5 Nef6 22. Be4 Rc8 23. Nxh6 gxh6 24. Bxd5 Bg7 25. Be6 Qe8 26. Qxe8+ Rxe8 27. Bc4 Kh7 28. Kf1 Kg6 29. Bd3+ Kf7 30. Bxc7 1-0

[Event "GER-chT North U16"]
[Site "Berlin"]
[Date "2012.09.06"]
[Round "2.4"]
[White "Hartogh, Christian"]
[Black "Ender, Paul Marius"]
[Result "1-0"]
[WhiteElo "1601"]
[BlackElo "1407"]
[PlyCount "120"]
[EventDate "2012.09.06"]
[EventType "team-swiss"]
[EventRounds "7"]
[EventCountry "GER"]
[SourceTitle "EXT 2015"]
[Source "ChessBase"]
[SourceDate "2014.11.20"]
[SourceVersion "1"]
[SourceVersionDate "2014.11.20"]
[SourceQuality "1"]
[WhiteTeam "Gottingen"]
[BlackTeam "Potsdam"]
[WhiteTeamCountry "GER"]
[BlackTeamCountry "GER"]

1. e4 b6 2. d4 Bb7 3. Bd3 e6 4. Nf3 Nf6 5. e5 Nd5 6. a3 c5 7. Nbd2 Nc6 8. dxc5 Bxc5 9. Ne4 Be7 10. 0-0 Qc7 11. c4 Nxe5 12. cxd5 Nxd3 13. Qxd3 Bxd5 14. Be3 Bc4 15. Qc2 Qc6 16. Rfc1 Bd5 17. Qxc6 Bxc6 18. Ng3 Bf6 19. Bd4 Bxf3 20. Bxf6 gxf6 21. gxf3 f5 22. Rc7 Rg8 23. Kf1 Ke7 24. Rd1 Rgd8 25. Re1 Kd6 26. Rec1 a5 27. Ne2 b5 28. Nd4 b4 29. a4 Ra6 30. Nb5+ Ke7 31. Rb7 Kf6 32. Rcc7 Rc6 33. Rxc6 dxc6 34. Na7 c5 35. Nc6 Rd2 36. b3 Rd3 37. Nxa5 Rxf3 38. Rd7 c4 39. bxc4 Ra3 40. Rb7 Rxa4 41. Nb3 f4 42. c5 f3 43. c6 Ra6 44. c7 Rc6 45. Ke1 Rc3 46. Nd4 b3 47. Nxb3 Ke5 48. Rb5+ Kd6 49. Rc5 Rxc5 50. Nxc5 Kxc7 51. Kd2 Kd6 52. Ne4+ Ke5 53. Ke3 f5 54. Nd2 Kf6 55. Nxf3 e5 56. Nd2 Kg5 57. Kf3 h5 58. Kg3 h4+ 59. Kf3 f4 60. h3 Kf5 1-0

[Event "Niedersachsen-ch U14"]
[Site "Rotenburg"]
[Date "2012.04.04"]
[Round "7"]
[White "Geistlich, Kilian"]
[Black "Hartogh, Christian"]
[Result "0-1"]
[WhiteElo "1089"]
[BlackElo "1482"]
[PlyCount "96"]
[EventDate "2012.03.31"]
[EventType "swiss"]
[EventRounds "9"]
[EventCountry "GER"]
[SourceTitle "EXT 2015"]
[Source "ChessBase"]
[SourceDate "2014.11.20"]
[SourceVersion "1"]
[SourceVersionDate "2014.11.20"]
[SourceQuality "1"]

1. e4 c5 2. Nc3 Nc6 3. f4 d6 4. Nf3 g6 5. g3 Bg7 6. Bg2 Bg4 7. 0-0 e6 8. d3 Nge7 9. Rb1 0-0 10. Bd2 a6 11. a4 Nd4 12. h3 Bxf3 13. Bxf3 b5 14. axb5 axb5 15. Ne2 b4 16. Nxd4 Bxd4+ 17. Kh2 Ra2 18. c3 bxc3 19. bxc3 Bxc3 20. Rf2 Rxd2 21. Rxd2 Bxd2 22. Qxd2 Qc7 23. g4 Rd8 24. f5 Kg7 25. fxe6 fxe6 26. Qb2+ Kg8 27. Qb7 Qxb7 28. Rxb7 Nc6 29. Kg3 Nd4 30. Kf4 Rf8+ 31. Kg5 Rxf3 32. Kh6 Rxh3+ 33. Kg5 Rxd3 34. Kh6 Rh3+ 35. Kg5 c4 36. Kf6 Rf3+ 37. Ke7 Rf7+ 38. Kxd6 Rxb7 39. Kc5 c3 40. e5 c2 41. g5 c1Q+ 42. Kxd4 Rb4+ 43. Kd3 Qc4+ 44. Kd2 Rb2+ 45. Ke3 Re2+ 46. Kf3 Qe4+ 47. Kg3 Rg2+ 48. Kh3 Qg4# 0-1